Prospects for Monetary Union after the Euro. (Record no. 750995)

MARC details
000 -LEADER
fixed length control field 00773nam a2200265Ia 4500
003 - CONTROL NUMBER IDENTIFIER
control field OSt
005 - DATE AND TIME OF LATEST TRANSACTION
control field 20220928113725.0
008 - FIXED-LENGTH DATA ELEMENTS--GENERAL INFORMATION
fixed length control field 220927b |||||||| |||| 00| 0 eng d
037 ## - SOURCE OF ACQUISITION
Terms of availability Textual
040 ## - CATALOGING SOURCE
Original cataloging agency SDCL
Transcribing agency SDCL
Language of cataloging eng
041 ## - LANGUAGE CODE
Source of code eng
Language code of text/sound track or separate title eng
100 ## - MAIN ENTRY--PERSONAL NAME
Personal name DeGrauwe Paul Ed.
9 (RLIN) 434706
245 #0 - TITLE STATEMENT
Title Prospects for Monetary Union after the Euro.
260 ## - PUBLICATION, DISTRIBUTION, ETC.
Place of publication, distribution, etc. Cambridge
Name of publisher, distributor, etc. M I T Publication
Date of publication, distribution, etc. 2005
300 ## - PHYSICAL DESCRIPTION
Extent vii,358
Dimensions cm.
490 ## - SERIES STATEMENT
Series statement Cesipo seminar series
650 ## - SUBJECT ADDED ENTRY--TOPICAL TERM
Topical term or geographic name entry element European Economic Community
9 (RLIN) 434707
700 ## - ADDED ENTRY--PERSONAL NAME
Personal name Melitz Jacques Ed.
9 (RLIN) 434708
942 ## - ADDED ENTRY ELEMENTS (KOHA)
Classification part X;5385, P5
Koha item type Textual
Source of classification or shelving scheme Colon Classification (CC)
Holdings
Withdrawn status Lost status Damaged status Not for loan Home library Current library Date acquired Total Checkouts Full call number Barcode Date last seen Price effective from Koha item type
        South Campus Library South Campus Library 2022-09-28   X;5385 P5 SC1247326 2022-09-28 2022-09-28 Textual
Copyright @ Delhi University Library System